000 00235nam a22001217a 4500
001 1915
003 OSt
005 20260407140345.0
008 260407b |||||||| |||| 00| 0 eng d
040 _cpqr
245 _aqwe
942 _2ddc
_cBK
_n0
999 _c1915
_d1915